| 000 | 00583cam a2200193 4500500 | ||
|---|---|---|---|
| 005 | 20260329003101.0 | ||
| 041 | _afre | ||
| 042 | _adc | ||
| 100 | 1 | 0 |
_aDuru, Martin _eauthor |
| 245 | 0 | 0 | _aLe Sentiment de Soi. Histoire de la Perception du Corps |
| 260 | _c2014. | ||
| 500 | _a46 | ||
| 690 | _aCorps | ||
| 690 | _aGeorges Vigarello | ||
| 690 | _aPerception | ||
| 690 | _aSoi | ||
| 786 | 0 | _nPhilosophie magazine | 82 | 9 | 2014-09-01 | p. 75-77 | 1951-1787 | |
| 856 | 4 | 1 | _uhttps://shs.cairn.info/magazine-philosophie-magazine-2014-9-page-75?lang=fr&redirect-ssocas=7080 |
| 999 |
_c1821286 _d1821286 |
||